Fundación Chile : 20 años creando desarrollo /
La Fundación Chile es una institución sin fines de lucro, creada en 1976 con aportaciones iguales del gobierno de Chile y la ITT Corporation de Estados Unidos, con el fin de apoyar el desarrollo económico, tecnológico e industrial de ese país sudamericano. En este programa se hace un recuento de sus...
Wedi'i Gadw mewn:
| Awdur Corfforaethol: | |
|---|---|
| Fformat: | |
| Iaith: | Sbaeneg |
| Pynciau: | |
| Tagiau: |
Dim Tagiau, Byddwch y cyntaf i dagio'r cofnod hwn!
|
MARC
| LEADER | 00000ngm^a2200000^a^4500 | ||
|---|---|---|---|
| 001 | 000136167 | ||
| 005 | 20250521000000.0 | ||
| 009 | 20260310095308.456 | ||
| 037 | |a Acervo ITESO - Biblioteca | ||
| 041 | |a ESP | ||
| 082 | |a 330. 983065 |b FUN | ||
| 110 | |a Fundación Chile | ||
| 245 | 1 | 0 | |a Fundación Chile : |b 20 años creando desarrollo / |c Fundación Chile. |
| 264 | |a Chile : |b Fundación Chile, |c ca. 1996 | ||
| 300 | |a 1 videocasete VHS |c (13 min.) | ||
| 336 | |a imagen móvil bidimensional |b tdi |2 rdacontenido | ||
| 337 | |a video |b v |2 rdamedio | ||
| 338 | |a videocasete |b vf |2 rdasoporte | ||
| 520 | |a La Fundación Chile es una institución sin fines de lucro, creada en 1976 con aportaciones iguales del gobierno de Chile y la ITT Corporation de Estados Unidos, con el fin de apoyar el desarrollo económico, tecnológico e industrial de ese país sudamericano. En este programa se hace un recuento de sus logros en la transferencia de tecnología y de su modelo de trabajo en consultoría, capacitación, desarrollo de productos nuevos, entrenamiento, asistencia técnica y apoyo al control de calidad en negocios agroindustriales, forestales y de recursos marítimos. | ||
| 649 | |a XX | ||
| 650 | |a Industrialización - |z Chile | ||
| 650 | |a Transferencia de Tecnología - |z Chile | ||
| 650 | |a Tecnología y Sociedad - |z Chile | ||
| 650 | |a Desarrollo Económico-Social - |z Chile | ||
| 650 | |a Desarrollo Tecnológico - |z Chile | ||
| 650 | |a Apertura Comercial e Integración Económica | ||
| 650 | |a Economía - |z Chile - |x Historia - |y 1973-1990 | ||
| 650 | |a Economía - |z Chile - |x Historia - |y 1990-1999 | ||
| 910 | |a Fondo General | ||
| 920 | |a Audiovisuales - Videocasetes | ||
| 905 | |a 301 | ||
| 901 | |a 0500061734 |b IT2 |c VIS |u 20250521 | ||
| 902 | |a https://opac.biblio.iteso.mx/vufind/Record/000136167 | ||